EL efecto tercera persona en la campaña electoral : análisis desde la perspectiva de la conformidad superior del yo (Record no. 67076)
[ view plain ]
| 000 -CABECERA | |
|---|---|
| campo de control de longitud fija | 00714nam a2200241 a 4500 |
| 005 - FECHA Y HORA DE LA ÚLTIMA TRANSACCIÓN | |
| campo de control | 20210219153040.0 |
| 008 - ELEMENTOS DE LONGITUD FIJA--INFORMACIÓN GENERAL | |
| campo de control de longitud fija | 991125n 000 0 spa u |
| 035 ## - NÚMERO DE CONTROL DEL SISTEMA | |
| Número de control de sistema | UPN01000074715 |
| 100 1# - ASIENTO PRINCIPAL--NOMBRE PERSONAL | |
| Nombre de persona | López Saez, Mercedes |
| 222 ## - TÍTULO CLAVE | |
| Título clave | REVISTA DE PSICOLOGIA SOCIAL |
| 245 ## - MENCIÓN DE TÍTULO | |
| Título | EL efecto tercera persona en la campaña electoral : análisis desde la perspectiva de la conformidad superior del yo |
| 300 ## - DESCRIPCIÓN FÍSICA | |
| Extensión | 153-166 |
| 362 0# - FECHAS DE PUBLICACIÓN Y/O DESIGNACIÓN SECUENCIAL | |
| Fecha de publicación y/o designación secuencial | 1997 Vol. 12, no. 2 |
| 653 0# - TERMINO DE INDIZACION - NO CONTROLADO | |
| Término no controlado | CAMPAÑA ELECTORAL |
| 653 0# - TERMINO DE INDIZACION - NO CONTROLADO | |
| Término no controlado | INFLUENCIA SOCIAL |
| 653 0# - TERMINO DE INDIZACION - NO CONTROLADO | |
| Término no controlado | PROPAGANDA |
| 700 1# - ASIENTO SECUNDARIO--NOMBRE DE PERSONAL | |
| Nombre de persona | Martínez Rubio, José Luis |
| 700 1# - ASIENTO SECUNDARIO--NOMBRE DE PERSONAL | |
| Término indicativo de función/relación | coaut. |
| 700 1# - ASIENTO SECUNDARIO--NOMBRE DE PERSONAL | |
| Nombre de persona | Arias, Ana V., |
| 700 1# - ASIENTO SECUNDARIO--NOMBRE DE PERSONAL | |
| Término indicativo de función/relación | coaut. |
| 904 ## - ELEMENTOS DE DATOS D LOCAL, LDD (RLIN) | |
| a | AC |
| b | 012526 |
| 905 ## - TIPO DE MATERIAL | |
| Tipo de material | Articulo |
No items available.
